| 000 | 00760nam a22002537a 4500 | ||
|---|---|---|---|
| 005 | 20211220094330.0 | ||
| 008 | 211220b ||||| |||| 00| 0 eng d | ||
| 040 | _cAL | ||
| 041 | _aeng | ||
| 082 |
_223 _a954.6 _bHENG |
||
| 100 |
_aHENDRE (Sudhir) _911858 |
||
| 245 | _aGeopolitical Guide For Permanent Solution of Jammu And Kashmir Issue | ||
| 260 |
_aNavi Mumbai: _bVoice of Asia, _c2002. |
||
| 300 |
_axv,436 p. _bPB _c21x14 cm. |
||
| 365 |
_b350.00 _c₹ _d350.00 |
||
| 650 |
_aIndian History _911844 |
||
| 650 |
_aKashmir Issue _911845 |
||
| 650 |
_aAgenda For Indo-Pak Settlement _911846 |
||
| 650 |
_aSAARC _911847 |
||
| 650 |
_aLord Mount Batten _911848 |
||
| 650 |
_aNationalsim _911849 |
||
| 700 |
_aHENDRE (Sudhir) _911843 |
||
| 942 |
_2ddc _cGF |
||
| 999 |
_c220977 _d220977 |
||